00748nam a2200169Ia 4500008004100000020001500041050002300056100002600079240004500105245017500150260003100325300003600356500005300392500003600445505006800481650002900549120626s2003 sp 000 0 spa d a9687683260 aTR146 bH4291 2003 aHedgecoe, Johneautor aHow to take great photographslEspañol aCómo hacer buenas fotografias b: elementos esenciales, técnicas de composición, aspectos técnicosc/ John, Hedgecoe: traducción de Francisco Rosés Martínez aBarcelonab: Blumec, 2003 a160 páginasb: ilustraciones  aTítulo original: How to take great photographs aIncluye: Introducción, Indice aElementos esenciales La composición Aspectos técnicos  0aFOTOGRAFÍAxTÉCNICAS